000 00703nam a2200217 i 4500
001 134200
003 ES-MaACL
005 20230906194625.0
007 t|
008 070906s1954 sp ||||1| spa d
245 0 0 _aTodos me llaman padre /
_cPadre X ; versión española de Magdalena Galligo ; prólogo de Félix López de Muniain.
260 _aSan Sebastián :
_bDinor,
_c1954.
300 _a194 p. ;
_c19 cm.
490 1 _aPrisma. Serie azul
650 4 _aSacerdotes-
_xApostolado.
_9157831
700 1 _aGalligo, Magdalena.
_953627
700 1 _aLópez de Munain, Félix.
_973574
830 0 _aPrisma. Serie azul
_9232039
852 _aES-MaACL
_jC-7892
_bR.35983
999 _c134200
_d134200